000 00549nam a2200181Ia 4500
005 20250326125108.0
008 250326s9999 xx 000 0 und d
037 _aTextbook
040 _aFMSL
_beng
_cFMSL
041 _aeng
_2eng
084 _aX:95'N L1
_qFMSL
100 _aRobinson R
245 0 _aProspects for employment opportunities in the nineteen seventies
_cRobinson R; Johnston P
260 _aLondon
_bLondon, Majesty's Stationery Office
_c1971
300 _a245p
942 _cTB
_hX:95'N L1
999 _c1276526
_d1276526